000 00272nam a22001217a 4500
082 _a530.07 SAU'C
100 _aKIRPATRICK,SAUNDERS, F. A
_959777
245 _aCOLLEGE PHYSICS
250 _a4TH ED
260 _aNEWYORK
_bHENRY HOLT
_c1953
300 _a603P
942 _cBK
999 _c569669
_d569669